| 000 | 00479nam a22001697a 4500 | ||
|---|---|---|---|
| 008 | 230705b |||||||| |||| 00| 0 eng d | ||
| 040 |
_aNational Science Library _cNational Science Library |
||
| 080 |
_a82-32PUR _bQ7,1 |
||
| 100 | _aPuohit, Shankarlal | ||
| 245 | _aयात्रा जगदीश | ||
| 246 | _aYatra Jagadish | ||
| 260 |
_aOdisha: _bVishwamukti, _c2017 |
||
| 300 | _a136p. | ||
| 365 |
_b250.00 _cINR |
||
| 650 | _aHindi literature | ||
| 942 |
_2udc _cHBK |
||
| 999 |
_c49493 _d49493 |
||